000 01237cam a2200301 i 4500
003 SA-RiAUC
005 20251002063931.0
008 250720s1984 su a g b 000 0 ara c
040 _aSA-JeALM
_bara
_cSA-RiAUC
_erda
043 _aa-su---
050 0 0 _bF37 1984
082 0 4 _a711.409531
_qSA-RiAUC
090 _a711.409531
_bف ا ر
100 1 _aفارسي، محمد سعيد حسن
_eمؤلف.
245 1 2 _aالتكوين المعماري والحضري لمدن الحج بالمملكة العربية السعودية /
_cمحمد سعيد فارسي.
250 _aالطبعة الأولى.
264 1 _aجدة، السعودية :
_bشركة مكتبات عكاظ للنشر والتوزيع،
_c1984
300 _a208 صفحة :
_bإيضاحيات ؛
_c24 في 24 سم.
336 _aنص
_btxt
_2rdacontent
_3كتاب
337 _aبدون وسيط
_bn
_2rdamedia
338 _aمجلد
_bnc
_2rdacarrier
504 _aببليوجرافية : صفحة 199-205.
650 7 _aالعمارة
_zالسعودية
_2aucsh
650 7 _aتخطيط المدن
_zالسعودية
_2aucsh
650 7 _aالأماكن المقدسة
_2aucsh
942 _2ddc
_cBOOK
_n0
949 _aSA-JeALM
_d250720
_uosman123
_n1
999 _c12319
_d12319